[Event "International Championship of Central Serbia 2015 - OPEN A"]
[Site "Paracin"]
[Date "2015.07.10"]
[Round "9.25"]
[White "Stefanov, Emil"]
[Black "Milenkovic, Mladen"]
[Result "1-0"]
[WhiteElo "2088"]
[BlackElo "2344"]
[PlyCount "121"]
[EventDate "2015.07.03"]

1. d4 Nf6 2. Nf3 e6 3. Bg5 c5 4. e3 h6 5. Bxf6 Qxf6 6. c3 Qd8 7. e4 cxd4 8.
cxd4 Qb6 9. Qd2 d5 10. e5 Bd7 11. Nc3 Nc6 12. Rc1 Rc8 13. Be2 Na5 14. O-O Bb4
15. Bd3 Nc4 16. Bxc4 Rxc4 17. a3 Be7 18. Nb1 Bb5 19. Rxc4 Bxc4 20. Rc1 O-O 21.
Qc3 Bb5 22. Nbd2 Bc6 23. b4 Qa6 24. Qb2 Bb5 25. Nb3 b6 26. Rc7 Bd8 27. Rc3 Ba4
28. Nfd2 Qe2 29. Qc1 Bg5 30. Qf1 Qg4 31. f3 Qf5 32. g3 Bd8 33. Qa6 b5 34. Nc5
Bb6 35. Kg2 g5 36. Nxa4 Bxd4 37. Qxb5 Bxc3 38. Nxc3 Qxe5 39. Qd3 Rc8 40. Na4
Qa1 41. Nc5 a5 42. f4 axb4 43. axb4 Qb2 44. fxg5 Qxb4 45. Nxe6 Qb7 46. Nd4 hxg5
47. Qf5 Rc4 48. Qxg5+ Kf8 49. Qd8+ Kg7 50. Nf5+ Kg6 51. Nh4+ Kg7 52. Qg5+ Kf8
53. Qd8+ Kg7 54. Qg5+ Kf8 55. Qh6+ Kg8 56. Nf5 Rg4 57. Qf6 Kh7 58. Nf3 d4 59.
Kh3 Qxf3 60. Qxf7+ Kh8 61. Qh5+ 1-0

[Event "International Championship of Central Serbia 2015 - OPEN A"]
[Site "Paracin"]
[Date "2015.07.10"]
[Round "9.26"]
[White "Mladenovic, Stefan"]
[Black "Breivik, Lars"]
[Result "1-0"]
[WhiteElo "2341"]
[BlackElo "2247"]
[PlyCount "49"]
[EventDate "2015.07.03"]

1. d4 e6 2. c4 b6 3. e4 Bb7 4. Qc2 Qh4 5. d5 f5 6. exf5 exd5 7. cxd5 Bxd5 8.
Nc3 Bb4 9. Bd2 Bb7 10. O-O-O Ne7 11. Nf3 Qh5 12. Bd3 Nbc6 13. a3 Bc5 14. Ne4
Nd4 15. Nxd4 Bxd4 16. Qa4 Be5 17. f4 Bc6 18. Qa6 Bd4 19. Qc4 Nxf5 20. Ng5 b5
21. Rhe1+ Kd8 22. Qf7 Qxh2 23. Qxf5 g6 24. Qg4 Kc8 25. Nf3 1-0

[Event "International Championship of Central Serbia 2015 - OPEN A"]
[Site "Paracin"]
[Date "2015.07.10"]
[Round "9.27"]
[White "Vucinic, Gojko"]
[Black "Livaja, Mario"]
[Result "1/2-1/2"]
[WhiteElo "2328"]
[BlackElo "2216"]
[PlyCount "106"]
[EventDate "2015.07.03"]

1. e4 g6 2. d4 Bg7 3. Nc3 a6 4. Be3 b5 5. Qd2 Bb7 6. f3 d6 7. h4 h5 8. a4 c6 9.
Nh3 Nd7 10. Ng5 Ngf6 11. Be2 b4 12. Nd1 a5 13. c3 c5 14. dxc5 dxc5 15. e5 Nxe5
16. Qxd8+ Rxd8 17. Bxc5 Nd5 18. O-O O-O 19. cxb4 axb4 20. Ne3 Nc6 21. Bb5 Bxb2
22. Rab1 Nxe3 23. Bxe3 Bc3 24. Ne4 Nd4 25. Nxc3 bxc3 26. Bh6 c2 27. Rbc1 Rfe8
28. Bxe8 Rxe8 29. Rf2 Bc6 30. a5 Ba4 31. Be3 Nf5 32. Bb6 Rc8 33. a6 Nd6 34. a7
Nb5 35. Rfxc2 Bxc2 36. Rxc2 Nxa7 37. Rd2 Nc6 38. Rd7 f6 39. Be3 Kf7 40. Bc5 Ke6
41. Rb7 Re8 42. f4 Kd5 43. Ba3 Ke4 44. Rc7 Nd4 45. Bxe7 Ne6 46. Rb7 f5 47. Bd6
Nd4 48. Rb4 Kd3 49. Be5 Nc6 50. Rb6 Re6 51. Kf2 Kc4 52. Rb7 Na5 53. Rb2 Nc6
1/2-1/2

[Event "International Championship of Central Serbia 2015 - OPEN A"]
[Site "Paracin"]
[Date "2015.07.10"]
[Round "9.28"]
[White "Kett, Tim"]
[Black "Martic, Zlatko"]
[Result "1-0"]
[WhiteElo "2219"]
[BlackElo "2299"]
[PlyCount "53"]
[EventDate "2015.07.03"]

1. e4 c5 2. Nf3 e6 3. d4 cxd4 4. Nxd4 a6 5. Nc3 Qc7 6. Bd3 Nf6 7. O-O d6 8. Bg5
Nbd7 9. Kh1 Be7 10. f4 h6 11. Bxf6 Bxf6 12. Nde2 O-O 13. Qd2 Nc5 14. Ng3 Qa5
15. Rae1 Na4 16. e5 dxe5 17. Nh5 Bd8 18. Rxe5 b5 19. Qe1 Ra7 20. Nxg7 Kxg7 21.
Qg3+ Kh8 22. f5 f6 23. fxe6 Rg7 24. Qe3 Be7 25. Rh5 Kg8 26. Qxh6 Bxe6 27. Bg6
1-0

[Event "International Championship of Central Serbia 2015 - OPEN A"]
[Site "Paracin"]
[Date "2015.07.10"]
[Round "9.29"]
[White "Radovic, Luka"]
[Black "Zarkovic, Mila"]
[Result "1-0"]
[WhiteElo "2290"]
[BlackElo "2209"]
[PlyCount "97"]
[EventDate "2015.07.03"]

1. g3 Nf6 2. Bg2 e6 3. c4 d5 4. Nf3 dxc4 5. O-O Nbd7 6. a4 a5 7. Na3 Bxa3 8.
Rxa3 O-O 9. Qc2 Nb6 10. e4 Bd7 11. Ne5 Qe8 12. b3 cxb3 13. Qxc7 Nxa4 14. Nxd7
Qxd7 15. Qxd7 Nxd7 16. Rxa4 b5 17. Ra1 Ne5 18. Rd1 a4 19. Ba3 Rfd8 20. Bf1 Nf3+
21. Kg2 Nd4 22. Bd3 b4 23. Bxb4 Nc6 24. Bb5 Nxb4 25. Rxa4 Rxa4 26. Bxa4 b2 27.
Rb1 Rxd2 28. Kf3 g6 29. Ke3 Rd3+ 30. Ke2 Ra3 31. Bb5 Ra5 32. Bc4 Re5 33. Bd3
Nxd3 34. Kxd3 Rb5 35. Kc3 Kg7 36. Rxb2 Rxb2 37. Kxb2 Kf6 38. Kc3 Ke5 39. Kd3 g5
40. f3 h5 41. Ke3 f5 42. f4+ gxf4+ 43. gxf4+ Kf6 44. e5+ Ke7 45. Kd4 h4 46. Kc5
Kd7 47. Kb6 h3 48. Kb7 Ke8 49. Kc6 1-0

[Event "International Championship of Central Serbia 2015 - OPEN A"]
[Site "Paracin"]
[Date "2015.07.10"]
[Round "9.30"]
[White "Fernandez, Michael"]
[Black "Djordjevic, Vuk"]
[Result "0-1"]
[WhiteElo "2249"]
[BlackElo "2287"]
[PlyCount "90"]
[EventDate "2015.07.03"]

1. Nf3 d5 2. c4 d4 3. e3 c5 4. b4 dxe3 5. fxe3 cxb4 6. d4 g6 7. Bd3 Bg7 8. O-O
Nh6 9. Bb2 O-O 10. Qd2 a5 11. a3 bxa3 12. Rxa3 Nd7 13. Nc3 f5 14. Nb5 e5 15.
dxe5 Ng4 16. e6 Nc5 17. Bxg7 Kxg7 18. Qb2+ Kg8 19. Nbd4 Qe7 20. Re1 Nxe6 21. h3
Nh6 22. Nxe6 Bxe6 23. Nd4 Bc8 24. Qc3 Qc5 25. Rb3 Nf7 26. Rb5 Qc7 27. Ra1 a4
28. Qb4 Qg3 29. Qe7 Bd7 30. Ne2 Qc7 31. Rd5 Rfd8 32. Nf4 Rac8 33. Qf6 Bc6 34.
Rxd8+ Qxd8 35. Qd4 Qe7 36. Kf2 Rd8 37. Nd5 Qd6 38. Nf6+ Kh8 39. Nd5+ Qe5 40.
Bc2 Bxd5 41. cxd5 Rxd5 42. Qxe5+ Nxe5 43. Bxa4 Ra5 44. Ra2 Nd3+ 45. Kg3 Nc5 0-1

[Event "International Championship of Central Serbia 2015 - OPEN A"]
[Site "Paracin"]
[Date "2015.07.10"]
[Round "9.31"]
[White "Gavrilescu, David"]
[Black "Mikanovic, Sandro"]
[Result "1/2-1/2"]
[WhiteElo "2282"]
[BlackElo "2212"]
[PlyCount "203"]
[EventDate "2015.07.03"]

1. e4 c6 2. Nc3 d5 3. Nf3 Nf6 4. e5 Ne4 5. Ne2 Bg4 6. d3 Nc5 7. d4 Ncd7 8. Nf4
e6 9. c3 c5 10. Be2 Nc6 11. O-O Qb6 12. Be3 cxd4 13. cxd4 Be7 14. a3 a5 15. Qa4
O-O 16. Rfc1 Rfc8 17. h3 Bf5 18. Bb5 Nf8 19. Kh2 Na7 20. Bd3 Bxd3 21. Nxd3 Qb5
22. Qd1 a4 23. Rab1 Rxc1 24. Rxc1 Rc8 25. Rxc8 Nxc8 26. Nc5 Bxc5 27. dxc5 Nd7
28. Nd4 Qc4 29. b3 axb3 30. Qxb3 Nxc5 31. Qb1 b6 32. Nb5 Nd7 33. f4 h6 34. Nd6
Nxd6 35. exd6 b5 36. Qb2 f6 37. Qd2 Qc6 38. Qb4 e5 39. fxe5 fxe5 40. Qg4 Qxd6
41. Bxh6 Qxh6 42. Qxd7 Qf4+ 43. Kh1 Qf7 44. Qxb5 e4 45. Qb8+ Kh7 46. Qe5 Kg6
47. a4 Qf2 48. Qe6+ Kh7 49. Qxd5 Qf1+ 50. Kh2 Qf4+ 51. Kg1 e3 52. Qa2 e2 53.
Qxe2 Qxa4 54. Qh5+ Kg8 55. Qd5+ Kh8 56. Kf2 Qf4+ 57. Ke2 Qg3 58. Qh5+ Kg8 59.
Qf3 Qe5+ 60. Kf2 Qd4+ 61. Kg3 Qe5+ 62. Qf4 Qe1+ 63. Kh2 Qe2 64. h4 Qd3 65. Qb8+
Kh7 66. Qe5 Qb3 67. Qe4+ Kh8 68. g3 Qa3 69. Kh3 Qb2 70. h5 Qf6 71. Kg4 Qd6 72.
Qf5 Qd1+ 73. Kg5 Qd2+ 74. Kh4 Qh2+ 75. Qh3 Qf2 76. Qc8+ Kh7 77. Qe6 Qd4+ 78.
Kh3 Qd2 79. Qe4+ Kh8 80. Kh4 Qd7 81. g4 Qd2 82. Qf3 Kh7 83. Kg3 Qd6+ 84. Qf4
Qd3+ 85. Kh4 Qd8+ 86. g5 Kh8 87. Qe5 Kg8 88. h6 gxh6 89. Qe6+ Kh8 90. Qxh6+ Kg8
91. Qe6+ Kg7 92. Qh6+ Kg8 93. Qg6+ Kf8 94. Qe4 Kg7 95. Qe5+ Kg6 96. Qe6+ Kg7
97. Qe4 Qh8+ 98. Kg4 Qc8+ 99. Qf5 Qxf5+ 100. Kxf5 Kf7 101. g6+ Kg7 102. Kg5
1/2-1/2

[Event "International Championship of Central Serbia 2015 - OPEN A"]
[Site "Paracin"]
[Date "2015.07.10"]
[Round "9.32"]
[White "Dezelin, Milan"]
[Black "Ozalp, Burak"]
[Result "1/2-1/2"]
[WhiteElo "2267"]
[BlackElo "2113"]
[PlyCount "53"]
[EventDate "2015.07.03"]

1. b3 Nf6 2. Bb2 g6 3. g3 Bg7 4. Bg2 d6 5. d4 O-O 6. Nf3 c5 7. O-O cxd4 8. Nxd4
d5 9. c4 e5 10. Nb5 a6 11. N5a3 d4 12. Nd2 Nc6 13. c5 Bf5 14. Nac4 Nd5 15. Nd6
Nc3 16. Bxc3 dxc3 17. N2c4 Be6 18. Nb6 Rb8 19. Rc1 Qc7 20. Rxc3 Rfd8 21. Nd5
Qa5 22. Qd2 e4 23. Rc2 Bxd5 24. Qxd5 Rxd6 25. Qxd6 Rd8 26. Qf4 Nd4 27. Qxe4
1/2-1/2

[Event "International Championship of Central Serbia 2015 - OPEN A"]
[Site "Paracin"]
[Date "2015.07.10"]
[Round "9.33"]
[White "Baglan, Esat"]
[Black "Naik, Rishubh Naresh"]
[Result "1-0"]
[WhiteElo "2257"]
[BlackElo "2007"]
[PlyCount "109"]
[EventDate "2015.07.03"]

1. e4 e6 2. d4 d5 3. Nd2 dxe4 4. Nxe4 Nd7 5. Nf3 Ngf6 6. Bd3 Nxe4 7. Bxe4 Nf6
8. Bg5 Be7 9. Bd3 h6 10. Bxf6 Bxf6 11. O-O O-O 12. Qe2 Qe7 13. Rfe1 Rd8 14. Qe4
g6 15. Ne5 Bxe5 16. dxe5 c5 17. c3 Rb8 18. Rad1 b6 19. Qf4 Qg5 20. Qxg5 hxg5
21. Be4 Ba6 22. f3 Kg7 23. Kf2 Bb5 24. Ke3 f5 25. exf6+ Kxf6 26. b3 Be8 27. h3
Bf7 28. Rd3 Rxd3+ 29. Bxd3 Rd8 30. Bc4 Be8 31. a4 Bc6 32. a5 Rd6 33. Ra1 b5 34.
Be2 a6 35. g3 e5 36. Rd1 Rxd1 37. Bxd1 Bd5 38. b4 cxb4 39. cxb4 Bc6 40. Bc2 Bb7
41. Bb3 Bc6 42. h4 gxh4 43. gxh4 Bb7 44. Bc2 Bc6 45. Bd3 Bd5 46. Bf1 Bc6 47.
Bh3 Bb7 48. f4 exf4+ 49. Kxf4 Ke7 50. Kg5 Kf7 51. Bg4 Kg7 52. Be6 Kh7 53. Kf6
Kh6 54. Bg4 Kh7 55. Ke7 1-0

[Event "International Championship of Central Serbia 2015 - OPEN A"]
[Site "Paracin"]
[Date "2015.07.10"]
[Round "9.34"]
[White "Akman, Ozgur"]
[Black "Radovic, Janko"]
[Result "0-1"]
[WhiteElo "1964"]
[BlackElo "2256"]
[PlyCount "98"]
[EventDate "2015.07.03"]

1. e4 Nf6 2. e5 Nd5 3. d4 d6 4. c4 Nb6 5. exd6 exd6 6. Nf3 Be7 7. Be2 O-O 8.
O-O Bg4 9. Nc3 Nc6 10. b3 Bf6 11. Be3 Re8 12. Qd2 d5 13. c5 Nc8 14. h3 Bh5 15.
Rfe1 h6 16. Rad1 N8e7 17. g4 Bg6 18. h4 Nc8 19. g5 Be7 20. gxh6 Bxh4 21. Nxh4
Qxh4 22. Kg2 gxh6 23. Rh1 Qf6 24. Rxh6 N8e7 25. Rdh1 Kg7 26. Bf3 Rad8 27. Ne2
Rg8 28. Bg5 Qe6 29. Ng3 Nf5 30. Bxd8 Nxg3 31. fxg3 Nxd8 32. R6h4 f6 33. Re1 Qf5
34. Re7+ Kf8 35. Rxc7 Ne6 36. Rxb7 Ng5 37. Rf4 Qh3+ 38. Kf2 Qh2+ 39. Bg2 Ne4+
40. Rxe4 Bxe4 41. Kf1 Rxg3 42. Rb8+ Ke7 43. Rb7+ Kf8 44. Rb8+ Kf7 45. Rb7+ Ke6
46. Qf4 Qxg2+ 47. Ke1 Qg1+ 48. Kd2 Rg2+ 49. Kc3 Qe1+ 0-1

[Event "International Championship of Central Serbia 2015 - OPEN A"]
[Site "Paracin"]
[Date "2015.07.10"]
[Round "9.35"]
[White "Rajkovic, Mladen"]
[Black "Martynov, Pavel"]
[Result "1/2-1/2"]
[WhiteElo "2259"]
[BlackElo "2385"]
[PlyCount "75"]
[EventDate "2015.07.03"]

1. e4 e6 2. Qe2 c5 3. Nf3 Nc6 4. g3 g6 5. Bg2 Bg7 6. c3 Nge7 7. d3 d6 8. h4 h6
9. Na3 e5 10. Be3 Be6 11. Nc2 f5 12. Kf1 O-O 13. Qd2 Kh7 14. h5 g5 15. Bxg5 Qb6
16. Ne3 Rf7 17. Bxe7 Nxe7 18. exf5 Nxf5 19. Nxf5 Bxf5 20. Nh4 Be6 21. Be4+ Kh8
22. c4 Rd8 23. Qe2 d5 24. cxd5 Bxd5 25. Kg2 c4 26. Bxd5 Rxd5 27. dxc4 Rd4 28.
b3 Qc6+ 29. Kh2 Qf6 30. f3 Rxh4+ 31. gxh4 Qxh4+ 32. Kg1 Qg3+ 33. Qg2 Qf4 34.
Rf1 e4 35. Rh3 Qe3+ 36. Kh2 Qf4+ 37. Kg1 Qe3+ 38. Kh2 1/2-1/2

[Event "International Championship of Central Serbia 2015 - OPEN A"]
[Site "Paracin"]
[Date "2015.07.10"]
[Round "9.36"]
[White "Arsic, Djordje"]
[Black "Vajic, Goran"]
[Result "0-1"]
[WhiteElo "2153"]
[BlackElo "2372"]
[PlyCount "92"]
[EventDate "2015.07.03"]

1. e4 e5 2. Nf3 Nf6 3. Nxe5 d6 4. Nf3 Nxe4 5. Nc3 Nxc3 6. dxc3 Be7 7. Bf4 O-O
8. Qd2 Nd7 9. O-O-O Nc5 10. Nd4 Bf6 11. f3 Re8 12. g4 Ne6 13. Bg3 Nxd4 14. cxd4
Qd7 15. g5 Be7 16. h4 Qa4 17. Kb1 Bf5 18. Bd3 Qd7 19. Be4 Bxe4 20. fxe4 Qg4 21.
Qd3 Bf8 22. e5 dxe5 23. Bxe5 Bd6 24. Bxd6 cxd6 25. Rdg1 Qe2 26. Qf5 Re7 27. a3
Qe4 28. Qxe4 Rxe4 29. c3 Rae8 30. Rh2 Rf4 31. h5 Ree4 32. Kc2 Rh4 33. Rxh4 Rxh4
34. h6 gxh6 35. gxh6+ Kf8 36. Kd3 Rxh6 37. Kc4 f5 38. Kd5 Rf6 39. c4 Kf7 40. c5
dxc5 41. dxc5 f4 42. Rf1 f3 43. Rf2 h5 44. Ke4 Ke6 45. b4 h4 46. Rd2 f2 0-1

[Event "International Championship of Central Serbia 2015 - OPEN A"]
[Site "Paracin"]
[Date "2015.07.10"]
[Round "9.37"]
[White "Hjelmas, Lars"]
[Black "Sorgic, Dragan"]
[Result "1-0"]
[WhiteElo "2291"]
[BlackElo "2234"]
[PlyCount "51"]
[EventDate "2015.07.03"]

1. d4 Nf6 2. c4 g6 3. Nc3 Bg7 4. e4 d6 5. f4 O-O 6. Nf3 Na6 7. Bd3 e5 8. fxe5
dxe5 9. d5 Nc5 10. Bc2 a5 11. O-O Ne8 12. Bg5 f6 13. Be3 Qe7 14. a3 Na6 15. Qd2
Nd6 16. Bd3 f5 17. c5 Nxe4 18. Nxe4 fxe4 19. Bc4 Kh8 20. d6 cxd6 21. cxd6 Qd8
22. Ng5 Bf5 23. g4 h6 24. gxf5 hxg5 25. Bxg5 Bf6 26. Bxf6+ 1-0

[Event "International Championship of Central Serbia 2015 - OPEN A"]
[Site "Paracin"]
[Date "2015.07.10"]
[Round "9.38"]
[White "Vasova, Maria"]
[Black "Cvetanovic, Uros"]
[Result "1/2-1/2"]
[WhiteElo "2022"]
[BlackElo "2264"]
[PlyCount "82"]
[EventDate "2015.07.03"]

1. e4 c5 2. Nf3 e6 3. d4 cxd4 4. Nxd4 Nf6 5. Nc3 Nc6 6. Be2 Bb4 7. Nxc6 bxc6 8.
O-O O-O 9. e5 Nd5 10. Nxd5 cxd5 11. Qd4 Be7 12. c4 dxc4 13. Bf3 Rb8 14. Qxc4 f6
15. Qd4 Qb6 16. Be3 Qxd4 17. Bxd4 fxe5 18. Bxe5 d6 19. Bd4 Bf6 20. Rfd1 Bxd4
21. Rxd4 d5 22. b3 Bd7 23. Bd1 Rfc8 24. f4 Kf7 25. f5 exf5 26. Rxd5 Be6 27. Rd2
Rd8 28. Rf2 Rd4 29. Bc2 g6 30. Raf1 Rc8 31. Bd1 Kg7 32. Bf3 Rc3 33. Re1 Kf6 34.
Rfe2 Rd6 35. Re5 g5 36. Ra5 g4 37. Be2 Rc7 38. g3 Rd2 39. Ra6 Kf7 40. Bxg4 fxg4
41. Raxe6 Rxa2 1/2-1/2

[Event "International Championship of Central Serbia 2015 - OPEN A"]
[Site "Paracin"]
[Date "2015.07.10"]
[Round "9.39"]
[White "Malekian, Babak"]
[Black "Dimitrijevic, Dusan"]
[Result "1/2-1/2"]
[WhiteElo "2262"]
[BlackElo "2115"]
[PlyCount "40"]
[EventDate "2015.07.03"]

1. d4 Nf6 2. c4 e6 3. Nf3 Bb4+ 4. Bd2 Qe7 5. g3 O-O 6. Bg2 d5 7. Qb3 c5 8. Bxb4
cxb4 9. O-O Nc6 10. Nbd2 Na5 11. Qd3 b6 12. cxd5 exd5 13. Ne5 g6 14. Rfc1 Bf5
15. Qb5 Rac8 16. e3 Rfd8 17. h3 h5 18. Kh2 Qd6 19. Kg1 Kg7 20. h4 Kg8 1/2-1/2

[Event "International Championship of Central Serbia 2015 - OPEN A"]
[Site "Paracin"]
[Date "2015.07.10"]
[Round "9.40"]
[White "Persson, Andreas"]
[Black "Lazov, Toni"]
[Result "0-1"]
[WhiteElo "2258"]
[BlackElo "2141"]
[PlyCount "110"]
[EventDate "2015.07.03"]

1. d4 Nf6 2. c4 g6 3. g3 Bg7 4. Bg2 O-O 5. Nf3 d6 6. O-O Nbd7 7. Nc3 e5 8. e4
c6 9. h3 Qb6 10. c5 dxc5 11. dxe5 Ne8 12. Na4 Qb4 13. Bd2 Qb5 14. Qc2 Nxe5 15.
Nxe5 Bxe5 16. Nxc5 Qxb2 17. Qxb2 Bxb2 18. Rab1 Bd4 19. Nxb7 Bb6 20. Na5 Ba6 21.
Rfd1 c5 22. Nc6 Ng7 23. Bc3 Rfe8 24. Ne5 Bc8 25. Nd7 Bxd7 26. Rxd7 Rad8 27.
Rbd1 Ne6 28. Kf1 Nd4 29. Rxd8 Rxd8 30. Rb1 Nc6 31. e5 Rd3 32. Bb2 Nd4 33. Bd5
Kf8 34. Bc4 Rd2 35. Kg2 Nc6 36. Bc1 Rd4 37. Bb5 Nxe5 38. Bh6+ Ke7 39. Re1 Kf6
40. g4 Nd3 41. Re8 Nf4+ 42. Kg3 Ne6 43. Bc1 Nc7 44. Bb2 Nxb5 45. f4 Nd6 46. g5+
Kg7 47. Re2 h6 48. Kf3 hxg5 49. fxg5 Kf8 50. Bxd4 cxd4 51. Rc2 Ke7 52. Kg4 Ke6
53. h4 Kd5 54. Rf2 d3 55. Rf1 Nf5 0-1

[Event "International Championship of Central Serbia 2015 - OPEN A"]
[Site "Paracin"]
[Date "2015.07.10"]
[Round "9.41"]
[White "Furman, Boris"]
[Black "Kucuksari, Kaan"]
[Result "1-0"]
[WhiteElo "2239"]
[BlackElo "1981"]
[PlyCount "83"]
[EventDate "2015.07.03"]

1. d4 d5 2. c4 c6 3. cxd5 cxd5 4. Nc3 Nf6 5. Bf4 Nc6 6. e3 a6 7. Bd3 Bg4 8.
Nge2 e6 9. O-O Bxe2 10. Qxe2 Bd6 11. Bg5 h6 12. Bh4 O-O 13. Rac1 Rc8 14. f4 Be7
15. Bb1 Ne8 16. Bxe7 Qxe7 17. f5 Nf6 18. fxe6 fxe6 19. Qd3 g5 20. a3 Qg7 21.
Qe2 Nd7 22. Qg4 Rce8 23. Rxf8+ Kxf8 24. Rf1+ Ke7 25. Qg3 Rf8 26. Rxf8 Qxf8 27.
b4 Qc8 28. Qe1 b5 29. h4 Nf6 30. hxg5 hxg5 31. Ne2 Qh8 32. Qg3 Qh4 33. Qxh4
gxh4 34. Kh2 a5 35. bxa5 Nxa5 36. Nc3 Ne4 37. Nxb5 Ng5 38. Nc3 Kf6 39. a4 Nc4
40. Bd3 Nxe3 41. a5 Ke7 42. a6 1-0

[Event "International Championship of Central Serbia 2015 - OPEN A"]
[Site "Paracin"]
[Date "2015.07.10"]
[Round "9.42"]
[White "Zlatanovic, Zoran"]
[Black "Dimitrijevic, Nenad"]
[Result "1-0"]
[WhiteElo "2123"]
[BlackElo "2216"]
[PlyCount "77"]
[EventDate "2015.07.03"]

1. Nf3 Nf6 2. g3 g6 3. Bg2 Bg7 4. O-O O-O 5. d3 d6 6. e4 c5 7. Re1 Nc6 8. c3 e5
9. Na3 Rb8 10. Nc2 d5 11. Bg5 d4 12. c4 a6 13. Na3 h6 14. Bd2 Qd6 15. Qb3 Be6
16. Qc2 Rfc8 17. h3 Nb4 18. Bxb4 cxb4 19. Nb1 b5 20. b3 bxc4 21. bxc4 Nd7 22.
Nbd2 f5 23. Nh4 Kh7 24. exf5 gxf5 25. Qd1 Nc5 26. Nb3 Na4 27. Qh5 Qd7 28. Qg6+
Kh8 29. Nxd4 Qxd4 30. Qxe6 e4 31. Qxf5 Qc5 32. Ng6+ Kh7 33. Ne5+ Kg8 34. Qe6+
Kh8 35. Nf7+ Kg8 36. Nxh6+ Kh8 37. Nf7+ Kg8 38. Ng5+ Kh8 39. Qg6 1-0

[Event "International Championship of Central Serbia 2015 - OPEN A"]
[Site "Paracin"]
[Date "2015.07.10"]
[Round "9.43"]
[White "Henriksen, Geir"]
[Black "Aydincelebi, Kagan"]
[Result "1-0"]
[WhiteElo "2192"]
[BlackElo "1910"]
[PlyCount "81"]
[EventDate "2015.07.03"]

1. c4 e5 2. g3 Nf6 3. Bg2 d5 4. cxd5 Nxd5 5. Nf3 Nc6 6. O-O Nb6 7. b3 g6 8. Nc3
Bg7 9. Ba3 Ne7 10. e3 O-O 11. d4 exd4 12. Nxd4 c6 13. Qc2 Bxd4 14. Rad1 Bf5 15.
Qc1 Qc7 16. Nb5 Qe5 17. Nxd4 Rfd8 18. Bb2 Qa5 19. Ba1 f6 20. Qb2 Qe5 21. Nxf5
Nxf5 22. Qxe5 fxe5 23. Bxe5 Kf7 24. e4 Ne7 25. f4 c5 26. Bd6 c4 27. e5 Nf5 28.
bxc4 Ne3 29. c5 Nxf1 30. Kxf1 Nc8 31. Bxb7 Nxd6 32. exd6 Rab8 33. c6 Rxb7 34.
cxb7 Rb8 35. Rc1 Ke6 36. Rc7 Kxd6 37. Rxh7 Kc6 38. Ke2 a5 39. a4 Kb6 40. Kf3
Ka7 41. Rg7 1-0

[Event "International Championship of Central Serbia 2015 - OPEN A"]
[Site "Paracin"]
[Date "2015.07.10"]
[Round "9.44"]
[White "Tscharotschkin, Michael"]
[Black "Egorova, Ayyyna"]
[Result "1-0"]
[WhiteElo "2182"]
[BlackElo "1901"]
[PlyCount "79"]
[EventDate "2015.07.03"]

1. d4 f5 2. Bf4 Nf6 3. e3 g6 4. Nf3 Bg7 5. Be2 O-O 6. O-O d6 7. h3 Kh8 8. c4
Qe8 9. Nc3 h6 10. Nd5 Na6 11. Nxf6 Rxf6 12. c5 dxc5 13. Be5 Rf7 14. Bxa6 bxa6
15. dxc5 Bb7 16. c6 Rd8 17. Qb3 Bxc6 18. Bxc7 Rc8 19. Ne5 Rxc7 20. Nxf7+ Kh7
21. Rac1 Ba4 22. Qe6 Bd7 23. Qb3 Ba4 24. Qe6 Bd7 25. Qd5 Bc6 26. Qa5 Rb7 27.
Rxc6 Qxf7 28. Qxa6 Rxb2 29. a4 f4 30. Qc4 Qxc4 31. Rxc4 fxe3 32. fxe3 Re2 33.
Rf3 Bf6 34. Kf1 Ra2 35. Rc7 Ra1+ 36. Kf2 Ra2+ 37. Kg1 Bg5 38. Rxa7 Ra3 39. Kf2
Ra2+ 40. Kg3 1-0

[Event "International Championship of Central Serbia 2015 - OPEN A"]
[Site "Paracin"]
[Date "2015.07.10"]
[Round "9.45"]
[White "Aleksic, Neven"]
[Black "Johansson, Thomas"]
[Result "1-0"]
[WhiteElo "2068"]
[BlackElo "2180"]
[PlyCount "67"]
[EventDate "2015.07.03"]

1. d4 e6 2. c4 f5 3. Nc3 Nf6 4. Bg5 Bb4 5. Qb3 a5 6. a3 a4 7. Qc2 Bxc3+ 8. Qxc3
h6 9. Bxf6 Qxf6 10. e3 b6 11. Nf3 Bb7 12. Be2 c5 13. Ne5 O-O 14. O-O d6 15. Bf3
Be4 16. Bxe4 fxe4 17. Ng4 Qg6 18. h3 h5 19. Nh2 Rf5 20. f3 Rg5 21. Qc2 cxd4 22.
exd4 Nc6 23. Rad1 d5 24. fxe4 dxe4 25. Rfe1 e5 26. d5 Nd4 27. Qxe4 Nf5 28. d6
Rd8 29. d7 Rg3 30. Re2 Qg5 31. Nf3 Rxf3 32. Qxf3 Nd4 33. Qd5+ Kh7 34. Rxd4 1-0

[Event "International Championship of Central Serbia 2015 - OPEN A"]
[Site "Paracin"]
[Date "2015.07.10"]
[Round "9.46"]
[White "Stojkovska, Monika"]
[Black "Kuzmanovic, Slobodan"]
[Result "1/2-1/2"]
[WhiteElo "2061"]
[BlackElo "2173"]
[PlyCount "53"]
[EventDate "2015.07.03"]

1. e4 e5 2. Nf3 Nc6 3. d4 exd4 4. Nxd4 Bc5 5. Nb3 Bb6 6. Nc3 Nf6 7. Qe2 O-O 8.
Be3 Re8 9. f3 Qe7 10. O-O-O Bxe3+ 11. Qxe3 a5 12. Nd4 d5 13. Qg5 Nxd4 14. Rxd4
h6 15. Qd2 dxe4 16. Nxe4 Be6 17. Bc4 Bxc4 18. Rxc4 Nxe4 19. Rxe4 Qc5 20. Rd4
Re7 21. Rd1 Rae8 22. Rd8 Rxd8 23. Qxd8+ Kh7 24. Qd3+ g6 25. Qd4 Qg5+ 26. Qd2
Qc5 27. Qd4 1/2-1/2

[Event "International Championship of Central Serbia 2015 - OPEN A"]
[Site "Paracin"]
[Date "2015.07.10"]
[Round "9.47"]
[White "Nikolovski, Nikola"]
[Black "Tisma, Ivan"]
[Result "1-0"]
[WhiteElo "2293"]
[BlackElo "2206"]
[PlyCount "87"]
[EventDate "2015.07.03"]

1. e4 c5 2. Nc3 Nc6 3. f4 g6 4. Nf3 Bg7 5. Bb5 Nd4 6. O-O Nxb5 7. Nxb5 d5 8.
exd5 a6 9. Nc3 Nf6 10. d4 Nxd5 11. dxc5 Nxc3 12. Qxd8+ Kxd8 13. bxc3 Bxc3 14.
Rb1 Kc7 15. Rb3 Bg7 16. Bd2 a5 17. Rfb1 a4 18. Rb5 Ra6 19. a3 h6 20. Kf2 Kb8
21. Ba5 Rc6 22. Re1 Be6 23. Bb6 Re8 24. Ne5 Bxe5 25. Rxe5 f6 26. Re3 Bf5 27.
Re2 e5 28. Rb4 Bd7 29. Rd2 Re7 30. Rxa4 Rxb6 31. cxb6 e4 32. Ke3 f5 33. Rad4
Kc8 34. Rd6 Rg7 35. Rf6 Rg8 36. Rf7 Bc6 37. Rc7+ Kb8 38. Rg7 Rc8 39. c4 Be8 40.
Rg8 h5 41. h4 Ka8 42. c5 Kb8 43. a4 Bxa4 44. Rdd8 1-0

[Event "International Championship of Central Serbia 2015 - OPEN A"]
[Site "Paracin"]
[Date "2015.07.10"]
[Round "9.48"]
[White "Injac, Teodora"]
[Black "Sahin, Ozgun"]
[Result "1-0"]
[WhiteElo "2165"]
[BlackElo "2106"]
[PlyCount "53"]
[EventDate "2015.07.03"]

1. d4 d5 2. Nf3 Nf6 3. c4 c6 4. Nbd2 e6 5. e3 Bd6 6. Bd3 Nbd7 7. O-O O-O 8. e4
e5 9. cxd5 cxd5 10. Re1 h6 11. h3 Re8 12. exd5 exd4 13. Rxe8+ Qxe8 14. Nc4 Bc5
15. Bf4 Nxd5 16. Bh2 Qe6 17. a3 N5b6 18. Qc2 Nf6 19. b4 Bf8 20. Nxd4 Qd5 21.
Rd1 Qg5 22. Ne5 Nbd5 23. Ndf3 Qh5 24. Bc4 Be6 25. g4 Qxh3 26. Bf1 Rc8 27. Qb2
1-0

[Event "International Championship of Central Serbia 2015 - OPEN A"]
[Site "Paracin"]
[Date "2015.07.10"]
[Round "9.49"]
[White "Vassilev, Martin"]
[Black "Persson, Richard"]
[Result "1-0"]
[WhiteElo "2030"]
[BlackElo "2158"]
[PlyCount "89"]
[EventDate "2015.07.03"]

1. d4 g6 2. c4 Bg7 3. Nc3 d6 4. g3 e5 5. dxe5 Bxe5 6. Bd2 Nc6 7. Nf3 Bg7 8. Bg2
Nge7 9. Qc1 Be6 10. b3 h6 11. Rb1 Qd7 12. O-O Bh3 13. Rd1 Bxg2 14. Kxg2 g5 15.
Nd5 O-O-O 16. Qa3 Kb8 17. b4 g4 18. Nh4 Nxd5 19. cxd5 Ne7 20. Bc3 Bxc3 21. Qxc3
Ng6 22. Qd4 Nxh4+ 23. gxh4 Qe7 24. Rd3 Qxe2 25. Re3 Qb5 26. Re7 Rhe8 27. a4 Qb6
28. Qf6 a5 29. Rbe1 Rg8 30. b5 Qc5 31. Qf5 f6 32. R1e2 Rc8 33. Rc2 Qd4 34. Rc1
Rgf8 35. Kg1 Rg8 36. Kg2 Rgf8 37. Kg1 Qxa4 38. b6 cxb6 39. Rb1 Ka7 40. Qh7 Rb8
41. Qxh6 Qd4 42. Qg6 Qxd5 43. h5 Qg5 44. Qd3 Qxh5 45. Rb5 1-0